Statistics for Country Factfile Puzzle Game #5

Click here to take the quiz!

General Stats

  • This quiz has been taken 56 times
  • The average score is 9 of 11

Answer Stats

Question Category Fact Answer % Correct
What is the most populated 5-letter country?Letters10China
93%
What strait divides Russia and Alaska?Borders0Bering Strait
89%
Which country is closest to Cyprus?Territories16Turkey
87%
What is the most populated country starting with "H"?Population4,854,020Haiti
80%
Which country lies on the Equator and the Tropic of Capricorn?Latitude48ºS to 34ºSBrazil
74%
What is the official language of both Congos?Area268,021 km2French
72%
Where was Earth's lowest temperature, -89° Celsius, recorded?DrivesLeftAntarctica
59%
UNKNOWN COUNTRYNew Zealand
59%

Score Distribution

Percentile by Number Answered

Percent of People with Each Score

Your Score History

You have not taken this quiz